| 000 | 00593nam a22002057a 4500 | ||
|---|---|---|---|
| 005 | 20240314154244.0 | ||
| 010 | _aENG-139712 | ||
| 020 | _c120.00 | ||
| 035 | _aEN-123244 | ||
| 037 | _bDBAD/PUB | ||
| 082 |
_a181.45 _22 |
||
| 245 | _aNavyanyaya language and methology/ | ||
| 250 | _a2 | ||
| 260 |
_akolkata _bProfessor Mihir Kumar Chakrabarti _c2010 |
||
| 270 |
_bKolkata _aThe Asiatic Society,1 Park street _e700016 |
||
| 300 |
_a78p. _c22cm(pbk) |
||
| 500 | _aFor UPSC and State Civil Services Examinations | ||
| 700 | _961928 | ||
| 942 |
_2ddc _cEN _h181.45 _mMet _e2 |
||
| 999 |
_c201499 _d201499 |
||